Previous NFL Stadiums - Statistics

General Stats
  • This quiz has been taken 50 times
    34 since last reset
  • The average score is 20 of 32
Answer Stats
AFC Years Answer % Correct
San Francisco 49ers 1971-2013 Candlestick Park
88%
Atlanta Falcons 1992-2016 Georgia Dome
88%
New York Jets 1984-2010 Giants Stadium
85%
New York Giants 1976-2009 Giants Stadium
85%
Las Vegas Raiders 1995-2019 Oakland–Alameda County Coliseum
85%
Pittsburgh Steelers 1970-2000 Three Rivers Stadium
85%
Denver Broncos 1960-2000 Mile High Stadium
81%
Seattle Seahawks 1976-1999 King County Multipurpose Domed Stadium
77%
Detroit Lions 1975-2001 Pontiac Silverdome
77%
Los Angeles Rams 2016-2019 Los Angeles Memorial Coliseum
73%
Indianapolis Colts 1984-2007 RCA Dome
73%
Philadelphia Eagles 1971-2002 Veterans Stadium
73%
Cleveland Browns 1946-1995 Cleveland Stadium
69%
Houston Texans 2002- NRG Stadium
69%
Dallas Cowboys 1971-2008 Texas Stadium
69%
Miami Dolphins 1966-1986 Miami Orange Bowl
65%
Cincinnati Bengals 1970-1999 Cinergy Field
62%
Jacksonville Jaguars 1995- EverBank Field
62%
Arizona Cardinals 1988-2005 Sun Devil Stadium
62%
New Orleans Saints 1967-1974 Tulane Stadium
62%
Los Angeles Chargers 2017–2019 Dignity Health Sports Park
58%
New England Patriots 1971-2001 Foxboro Stadium
58%
Baltimore Ravens 1996-1997 Memorial Stadium
58%
Chicago Bears 2002 Memorial Stadium
58%
Tampa Bay Buccaneers 1976-1997 Houlihan's Stadium
50%
Kansas City Chiefs 1963-1971 Kansas City Municipal Stadium
50%
Tennessee Titans 1998 Vanderbilt Stadium
46%
Carolina Panthers 1995 Clemson Memorial Stadium
42%
Buffalo Bills 1960-1972 War Memorial Stadium
35%
Washington Redskins 1961-1996 Robert F. Kennedy Memorial Stadium
31%
Minnesota Vikings 2014-2015 TCF Bank Stadium
27%
Green Bay Packers 1925-1956 City Stadium
23%
No matching quizzes found
Score Distribution
Percent of People with Each Score
Percentile by Number Answered
Your Score History
You have not taken this quiz since the last reset